| 000 | 00500nam a2200181Ia 4500 | ||
|---|---|---|---|
| 001 | 20977 | ||
| 005 | 20260306172845.0 | ||
| 008 | 260306t2025||||xx |||||||||||||| ||spa|| | ||
| 041 | _aESP | ||
| 082 |
_a343.811 _bG16A |
||
| 100 |
_aGálvez Ñañez, Ricardo, _eAUT |
||
| 245 | 0 |
_aPresupuesto público comentado 2025 : _bpresupuesto por resultados y presupuesto participativo |
|
| 260 | _c2025 | ||
| 300 |
_a1166 páginas : _c25 cm. |
||
| 650 | _aGEN | ||
| 654 | _aCCO | ||
| 942 |
_cLIB _dJUS _fJUS _2ddc _n |
||
| 999 |
_c20977 _d20977 |
||